00575 2200181 4500001002100000005001700021008004100038035002500079090002000104100004600124245006400170260002800234300002500262650006000287850001200347990001700359990001700376YOGYA-0211000000359820150221090426.0 ind  a0010-021100000003598 aR 343.04bInd H aINDONESIA. Undang-undang, peraturan, dsb. aHimpunan ketentuan umum dan tata cara perpajakan tahun 2003 aJakartabEka Jayac2004 axiv, 790 hlm.;21 cm. aPajak dan Perpajakan - Undang - undang, peraturan, dsb. aYOPDYOG a2557-PD/P.04 a2558-PD/P.04